| 000 | 01042nam a22002897a 4500 | ||
|---|---|---|---|
| 001 | 03771 | ||
| 003 | HDC | ||
| 007 | cr bn ---aaaaa | ||
| 008 | 210111t1998 nyu||||| |||| 00| 0 eng | ||
| 020 | _a0-203-22306-3 | ||
| 040 | _aHDC | ||
| 100 |
_aKurz, Wolfgang G.W. _eauthor _93559 |
||
| 245 | 0 |
_aAgricultural Biotechnology. Chapter 8 : _bProduction of Secondary Metabolites / by _cWolfgang G.W. Kurz and Friedrich Constabel |
|
| 260 |
_aNew York : _bMARCEL DEKKER, _c1998 |
||
| 300 | _a42 pages | ||
| 336 |
_atext _2rdacontent |
||
| 337 |
_acomputer _2rdamedia |
||
| 338 |
_aonline resource _2rdacarrier |
||
| 650 |
_aAgricultural Biotechnology _91565 |
||
| 650 |
_amodern agricultural biotechnology _93520 |
||
| 650 |
_aSecondary Metabolites _93560 |
||
| 700 |
_aConstabel, Friedrich _eauthor _93561 |
||
| 856 | _zRequest full-text at [email protected] | ||
| 942 | _2lcc | ||
| 942 | _cCHAP | ||
| 942 | _kEBCH 001693 | ||
| 999 |
_c1107 _d1107 |
||